Internet ako komunikačný nástroj zvyšujúci konkurencieschonosť malých a stedných podnikov SR

Problematika internetu v podnikovej sfére ako e-komunikačného a reklamného nástroja, zvyšujúceho konkurencieschopnosť firmy. Analýza využívania jednotlivých nástrojov, ktoré je internet schopný ponúknuť. Porovnanie výhod a nevýhod oproti tradičným médiám. Poukázanie na sociálne siete a ich reklamný...

Ausführliche Beschreibung

Gespeichert in:
Bibliographische Detailangaben
1. Verfasser: Beláňová, Benita, 1973-
Format: Buchkapitel
Sprache:Slowakisch
Schlagworte:
Tags: Tag hinzufügen
Keine Tags, Fügen Sie das erste Tag hinzu!

MARC

LEADER 00000naa$a2200000$$$4500
001 0258895
005 20240502083736.6
041 0 |a slo 
044 |a CZ 
245 1 0 |a Internet ako komunikačný nástroj zvyšujúci konkurencieschonosť malých a stedných podnikov SR  |c Benita Beláňová 
520 |a Problematika internetu v podnikovej sfére ako e-komunikačného a reklamného nástroja, zvyšujúceho konkurencieschopnosť firmy. Analýza využívania jednotlivých nástrojov, ktoré je internet schopný ponúknuť. Porovnanie výhod a nevýhod oproti tradičným médiám. Poukázanie na sociálne siete a ich reklamný potenciál. Hrozby daného komunikačného nástroja. 
610 2 0 |a internet 
610 2 0 |a siete sociálne 
610 2 0 |a konkurencieschopnosť 
610 2 0 |a podnik malý 
610 2 0 |a podnik stredný 
610 2 0 |a nástroje marketingové 
100 1 |a Beláňová, Benita, 1973-